000 00462nam a2200157Ia 4500
999 _c2093
_d2093
003 OSt
005 20200814110142.0
008 190216s9999||||xx |||||||||||||| ||und||
040 _coclc
082 _a543
_bSRI/S
100 _aSrivastava, T N
_94127
245 0 _aSystematic Analytical Chemistry /
_cT N Srivastava ; P C Kamboj ; R Sahai
260 _bS Nagin And Co,
_aDelhi:
300 _a311p
942 _cBK
_2ddc
_h543
_iSRI/S
_k543
_mSRI/S